Kontury państw Oceanii (Bardzo Trudne +) - Statystyki

Ogólne statystyki
  • Ten quiz został rozwiązany 30 razy
    8 od ostatniego zresetowania
  • Średni wynik to 15 z 31
Statystyki odpowiedzi
Obrazkowy Hint Odpowiedź % Poprawnych
Australia
100%
Nauru
100%
Nowa Zelandia
100%
Samoa
100%
Indonezja
80%
Papua-Nowa Gwinea
80%
Stany Zjednoczone
80%
Wyspy Salomona
80%
Sala y Gómez Chile
60%
Fidżi
60%
Hawaje
60%
Ogasawara Japonia
60%
Kiribati
60%
Vanuatu
60%
Nowa Kaledonia
40%
Tuvalu
40%
Wyspy Cooka
40%
Guam
20%
Mariany Północne
20%
Mikronezja
20%
Niue
20%
Norfolk
20%
Palau
20%
Pitcairn
20%
Polinezja Francuska
20%
Samoa Amerykańskie
20%
Tokelau
20%
Tonga
20%
Wallis i Futuna
20%
Wyspa Wielkanocna
20%
Wyspy Marshalla
20%
Nie znaleziono quizów pasujących do podanych kryteriów
Rozkład punktacji
Procent ludzi z każdym wynikiem
Percentyl według liczby udzielonych odpowiedzi
Twoja historia wyników
Nie rozwiązałeś tego quizu od ostatniego zresetowania